00828 2200289 4500001002100000005001500021035002000036007000300056008004100059020001800100040002200118082001400140084001600154100002800170245006000198250003700258300004600295650001400341850001200355504003400367264003300401336002100434337003000455338002300485990001500508990001500523INLIS00000000086496020210924103318 a0010-0921000710ta210812t1991 yoia g ind d a979-499-102-3 aYOPDYOGbinderda04223a320.5 a320.5 NOO p0 aNoor Ms Bakryepenyusun10aPancasila yuridis kenegaraan /cpenyusun, Noor Ms Bakry aEdisi kedua, Cetakan kedua, 1991 a170 halaman :bilustrasi, gambar ;c21 cm 4aPancasila aYOPDYOG aBibliografi : halaman 169-17031aYogyakarta :bLiberty,c1991 2rdacontentateks 2rdamediaatanpa perantara 2rdacarrieravolume a48151-P/94 a48151-P/94